Online Catalogue and eLibrary

Veethiyellam thoranangal (Record no. 4329)

MARC details
000 -LEADER
fixed length control field 00351nam a2200145Ia 4500
005 - DATE AND TIME OF LATEST TRANSACTION
control field 20250508061826.0
008 - FIXED-LENGTH DATA ELEMENTS--GENERAL INFORMATION
fixed length control field 240331s9999 xx 000 0 und d
082 ## - DDC Classification
Item Number - Author Mark THA
Class No. 891
100 ## - MAIN ENTRY--PERSONAL NAME
Personal name Thamaraichelvi
245 #0 - TITLE STATEMENT
Title Veethiyellam thoranangal
260 ## - PUBLICATION, DISTRIBUTION, ETC.
Place of publication, distribution, etc. Narehenpitiya
Name of publisher, distributor, etc. Meera Pathippagam
Date of publication, distribution, etc. 2003
300 ## - PHYSICAL DESCRIPTION
Extent (e.g. Volumes, Pages etc.) 84 p .,
650 ## - SUBJECT ADDED ENTRY--TOPICAL TERM
Topical term or geographic name entry element Novel
942 ## - Koha item type (Biblio)
Koha item type Books in Stacks (Lending)
Holdings
Lost status Damaged status Collection code Home library Current library Shelving location Date acquired Full call number Accession Number Item type
    Lending WERC Library WERC Library Social Science Cupboard 03/31/2024 894.811 THA 4938 Books in Stacks (Lending)

© WERC Library